| 000 | 00396 a2200109 4500 | ||
|---|---|---|---|
| 001 | ART_13115 | ||
| 005 | 20260410161817.0 | ||
| 008 | 260409a | ||
| 245 | 1 | 0 | _aLey de Presupuesto y Derechos Fundamentales |
| 100 | 1 | _aCorti, Horacio Guillermo | |
| 773 | 0 |
_tRevista Juridica de Buenos Aires _gEl derecho constitucional presupuestario en el derecho comparado (ene. 2010) _wREV4315 |
|
| 999 |
_c22002 _d22002 |
||